Normal view
MARC view
- Thomson.D.
Entry Personal Name
001 - CONTROL NUMBER
- control field: 4443
003 - CONTROL NUMBER IDENTIFIER
- control field: OSt
005 - DATE AND TIME OF LATEST TRANSACTION
- control field: 20171121092938.0
008 - FIXED-LENGTH DATA ELEMENTS
- fixed length control field: 171121|| aca||aabn | a|a d
040 ## - CATALOGING SOURCE
- Original cataloging agency: OSt
- Transcribing agency: OSt
100 ## - HEADING--PERSONAL NAME
- Personal name: Thomson.D.
670 ## - SOURCE DATA FOUND
- Source citation: Work cat.: (OSt): Thomson.D., Danny Fox, 1966